[Event "DEM U12/U12w 2013"]
[Site "Oberhof GER"]
[Date "2013.05.19"]
[Round "2"]
[White "Bürmann, Theresia"]
[Black "Wong, Gengchun"]
[Result "0-1"]
[Termination "normal"]
[Board "19"]
[WhiteElo "1187"]
[BlackElo "1654"]
[PlyCount "82"]
[WhiteFideId "12960241"]
[BlackFideId "12963283"]
[EventCountry "GER"]
[EventRounds "11"]
[EventType "swiss"]
[EventDate "2013.05.18"]

1. e4 c5 2. d4 cxd4 3. c3 dxc3 4. Nxc3 Nc6 5. Nf3 e6 6. Bc4 Qc7 7. O-O Nf6 8.
e5 Nxe5 9. Nxe5 Qxe5 10. Re1 Qc7 11. Bb3 Be7 12. Be3 O-O 13. Qd3 d5 14. Bc2 Qc4
15. Qxc4 dxc4 16. Red1 Bd7 17. Ne4 Bc6 18. Ng3 Rfd8 19. Rdc1 b5 20. h3 Nd5 21.
Be4 Rac8 22. Bxa7 Nb4 23. Bb6 Rd2 24. b3 Bxe4 25. Nxe4 Rxa2 26. Rab1 Nd5 27.
Bd4 Ba3 28. Ra1 Bxc1 29. Rxa2 cxb3 30. Ra1 b2 31. Rb1 Rc4 32. Bxb2 Bxb2 33.
Rxb2 Rxe4 34. Rxb5 g6 35. f3 Rc4 36. Rb8+ Kg7 37. g4 Nf4 38. Kh2 g5 39. Kg3 Rc2
40. Rb2 Rxb2 41. h4 Rg2# 0-1

[Event "DEM U12/U12w 2013"]
[Site "Oberhof GER"]
[Date "2013.05.19"]
[Round "2"]
[White "Schirra, Maurice"]
[Black "Schumacher, Ole"]
[Result "1-0"]
[Termination "normal"]
[Board "20"]
[WhiteElo "1656"]
[BlackElo "1120"]
[PlyCount "89"]
[WhiteFideId "12941115"]
[BlackFideId "12971898"]
[EventCountry "GER"]
[EventRounds "11"]
[EventType "swiss"]
[EventDate "2013.05.18"]

1. e4 e6 2. d3 d5 3. Nd2 Nf6 4. Ngf3 Nbd7 5. g3 dxe4 6. Nxe4 b6 7. Bg2 Nxe4 8.
dxe4 Bb7 9. Nd2 Bc5 10. O-O O-O 11. Nb3 Qe7 12. Nxc5 Nxc5 13. Re1 Rad8 14. Qe2
Rd6 15. b4 Nxe4 16. Bxe4 Bxe4 17. Qxe4 Qf6 18. Be3 Rd5 19. c4 Qe5 20. Qxe5 Rxe5
21. Bf4 Rxe1+ 22. Rxe1 c6 23. Rd1 Rc8 24. Rd7 a6 25. Ra7 b5 26. c5 Kf8 27. Rxa6
Ke7 28. Ra7+ Kf6 29. Bd6 Kf5 30. Rxf7+ Kg6 31. Ra7 Kf6 32. Kg2 h5 33. Kf3 g5
34. Ke4 Rg8 35. Rc7 Ra8 36. Rxc6 Rxa2 37. Rb6 Rxf2 38. c6 Rxh2 39. c7 Rc2 40.
Bc5 Rc4+ 41. Kd3 h4 42. c8=Q hxg3 43. Qxe6+ Kg7 44. Qg6+ Kh8 45. Rb8# 1-0

[Event "DEM U12/U12w 2013"]
[Site "Oberhof GER"]
[Date "2013.05.19"]
[Round "2"]
[White "Watzlawik, Lee David"]
[Black "Engel, Johann"]
[Result "0-1"]
[Termination "normal"]
[Board "21"]
[WhiteElo "1170"]
[BlackElo "1650"]
[PlyCount "166"]
[WhiteFideId "1270474"]
[BlackFideId "12920509"]
[EventCountry "GER"]
[EventRounds "11"]
[EventType "swiss"]
[EventDate "2013.05.18"]

1. c4 Nf6 2. Nc3 e5 3. g3 Be7 4. Bg2 O-O 5. e3 Nc6 6. Nge2 d6 7. O-O Be6 8. d3
Qd7 9. f4 Bh3 10. fxe5 dxe5 11. d4 Bxg2 12. Kxg2 exd4 13. exd4 Rad8 14. d5 Ne5
15. b3 Bc5 16. Bg5 Neg4 17. Nd4 h6 18. Bf4 Rfe8 19. Qd3 c6 20. Rfe1 cxd5 21. h3
dxc4 22. Qxc4 Qxd4 23. Rxe8+ Rxe8 24. hxg4 Qxc4 25. bxc4 Nxg4 26. Rb1 b6 27.
Nb5 a6 28. Nc7 Ne3+ 29. Bxe3 Rxe3 30. Nxa6 Bd4 31. a4 Rc3 32. Rb4 Bc5 33. Nxc5
bxc5 34. Rb8+ Kh7 35. a5 Rxc4 36. Rc8 Rc2+ 37. Kf3 c4 38. a6 Ra2 39. Rc6 c3 40.
Ke3 c2 41. Kd2 h5 42. Kc1 g6 43. Rf6 Kg7 44. Rc6 g5 45. Rc5 Kg6 46. Rc6+ f6 47.
Kd2 g4 48. Ke3 Rxa6 49. Rxc2 Kg5 50. Rc5+ f5 51. Rc8 Rg6 52. Rb8 Rh6 53. Rg8+
Kf6 54. Kf4 Rh7 55. Rg5 Ra7 56. Rxf5+ Kg6 57. Rg5+ Kh6 58. Re5 Ra4+ 59. Kf5 Ra6
60. Kf4 Rf6+ 61. Ke4 Kg6 62. Re8 Rf3 63. Re6+ Kg7 64. Re5 Kg6 65. Re6+ Rf6 66.
Re5 Ra6 67. Kf4 Ra4+ 68. Ke3 Ra3+ 69. Kf4 Rf3+ 70. Ke4 Rxg3 71. Re6+ Kg5 72.
Re5+ Kh4 73. Kf4 Rf3+ 74. Ke4 Rf1 75. Rc5 g3 76. Rc2 Kh3 77. Rc3 Kh2 78. Kd4 g2
79. Rc2 Kh1 80. Kc3 g1=Q 81. Kb3 Rb1+ 82. Kc3 Qe3+ 83. Kc4 Qb3+ 0-1

[Event "DEM U12/U12w 2013"]
[Site "Oberhof GER"]
[Date "2013.05.19"]
[Round "2"]
[White "Poghosyan, Tigran"]
[Black "Cejda, Cecilia"]
[Result "1/2-1/2"]
[Termination "normal"]
[Board "22"]
[WhiteElo "1945"]
[BlackElo "1335"]
[PlyCount "63"]
[WhiteFideId "12909319"]
[BlackFideId "12921122"]
[EventCountry "GER"]
[EventRounds "11"]
[EventType "swiss"]
[EventDate "2013.05.18"]

1. e4 c5 2. Nf3 d6 3. d4 cxd4 4. Qxd4 a6 5. c4 Nc6 6. Qd2 Nf6 7. Nc3 g6 8. b3
Bg7 9. Bb2 O-O 10. Be2 Bg4 11. O-O Rc8 12. h3 Bd7 13. Rad1 Qc7 14. c5 dxc5 15.
e5 Nxe5 16. Nxe5 Qxe5 17. Nb1 Qd6 18. Qxd6 exd6 19. Bxf6 Bxf6 20. Rxd6 Be6 21.
Bf3 Be5 22. Rb6 c4 23. bxc4 Bxc4 24. Rd1 Bxa2 25. Rxb7 Rb8 26. Na3 Rxb7 27.
Bxb7 a5 28. Bd5 Bxd5 29. Rxd5 Bc7 30. Rc5 Bb6 31. Rb5 Bc7 32. Rc5 1/2-1/2

[Event "DEM U12/U12w 2013"]
[Site "Oberhof GER"]
[Date "2013.05.19"]
[Round "2"]
[White "Möller, Lisa-Marie"]
[Black "Schmidek, Emil"]
[Result "0-1"]
[Termination "normal"]
[Board "23"]
[WhiteElo "1492"]
[BlackElo "1957"]
[PlyCount "52"]
[WhiteFideId "12959367"]
[BlackFideId "12908150"]
[EventCountry "GER"]
[EventRounds "11"]
[EventType "swiss"]
[EventDate "2013.05.18"]

1. e4 e5 2. Bc4 Nf6 3. d4 exd4 4. Nf3 Nc6 5. Ng5 Ne5 6. Qxd4 Nxc4 7. Qxc4 d5 8.
exd5 Bd6 9. O-O O-O 10. Nc3 Re8 11. Bd2 Bf5 12. Qb3 h6 13. Nf3 Ne4 14. Nb5 Nxd2
15. Nxd2 Bf4 16. Qf3 Qg5 17. h4 Qg4 18. Qxg4 Bxg4 19. f3 Bd7 20. Nxc7 Bxc7 21.
Ne4 f5 22. Nc3 Be5 23. Rad1 Rac8 24. Rd3 Bxc3 25. Rxc3 Rxc3 26. bxc3 Re2 0-1

[Event "DEM U12/U12w 2013"]
[Site "Oberhof GER"]
[Date "2013.05.19"]
[Round "2"]
[White "Schmidt, Sarah"]
[Black "Renger, Niklas"]
[Result "0-1"]
[Termination "normal"]
[Board "24"]
[WhiteElo "1194"]
[BlackElo "1815"]
[PlyCount "94"]
[WhiteFideId "12965480"]
[BlackFideId "12908096"]
[EventCountry "GER"]
[EventRounds "11"]
[EventType "swiss"]
[EventDate "2013.05.18"]

1. e4 c5 2. d4 cxd4 3. c3 dxc3 4. Nxc3 Nc6 5. Bb5 d6 6. Nf3 a6 7. Bc4 e6 8. O-O
Be7 9. Re1 Nf6 10. e5 dxe5 11. Qxd8+ Bxd8 12. Nxe5 Nxe5 13. Rxe5 O-O 14. Bg5
Ng4 15. Re4 f5 16. Bxe6+ Bxe6 17. Rxe6 Bxg5 18. Rd1 Rad8 19. Rde1 Nf6 20. R6e5
Rfe8 21. Rxe8+ Rxe8 22. Rxe8+ Nxe8 23. f3 Bf6 24. Nd1 Nd6 25. b3 Kf7 26. Kf2
Bd4+ 27. Ke2 Ke6 28. Kd3 Kd5 29. a4 f4 30. a5 Nf5 31. Nc3+ Bxc3 32. Kxc3 Nh4
33. Kd3 Nxg2 34. h3 Ne1+ 35. Ke2 Nc2 36. Kf2 Nd4 37. b4 Kc4 38. h4 Kxb4 39. h5
Kxa5 40. Kg2 b5 41. Kf2 b4 42. Kg2 b3 43. Kf2 b2 44. Kg2 b1=Q 45. Kf2 Qh1 46.
h6 Qxf3+ 47. Kg1 Ne2+ 0-1

[Event "DEM U12/U12w 2013"]
[Site "Oberhof GER"]
[Date "2013.05.19"]
[Round "2"]
[White "Wiesner, Alexander"]
[Black "Riegel, Arinna"]
[Result "1-0"]
[Termination "normal"]
[Board "25"]
[WhiteElo "1658"]
[BlackElo "1306"]
[PlyCount "69"]
[WhiteFideId "12943991"]
[BlackFideId "12931446"]
[EventCountry "GER"]
[EventRounds "11"]
[EventType "swiss"]
[EventDate "2013.05.18"]

1. c4 e6 2. d4 d5 3. Nc3 Nf6 4. e3 Be7 5. Bd3 b6 6. Nge2 Nbd7 7. O-O O-O 8. f3
c5 9. cxd5 Nxd5 10. e4 Nxc3 11. bxc3 cxd4 12. cxd4 Nf6 13. Be3 Bb7 14. Ng3 Qd7
15. Qd2 Rac8 16. f4 Ng4 17. f5 Nxe3 18. Qxe3 exf5 19. Nxf5 Rfd8 20. Qg3 g6 21.
d5 Bc5+ 22. Kh1 Rf8 23. Rf3 Kh8 24. Qh4 f6 25. Nh6 Bd4 26. Raf1 Be5 27. Ng4 Rg8
28. Nxf6 Bxf6 29. Rxf6 Qe7 30. d6 Qd8 31. e5 Rc5 32. Qh6 Rxe5 33. Rf7 Bxg2+ 34.
Kg1 Rh5 35. Rxh7# 1-0

[Event "DEM U12/U12w 2013"]
[Site "Oberhof GER"]
[Date "2013.05.19"]
[Round "2"]
[White "Ewert, Hannes"]
[Black "Petersen, Marcel"]
[Result "1-0"]
[Termination "normal"]
[Board "26"]
[WhiteElo "1678"]
[BlackElo "1582"]
[PlyCount "133"]
[WhiteFideId "12961574"]
[BlackFideId "12935670"]
[EventCountry "GER"]
[EventRounds "11"]
[EventType "swiss"]
[EventDate "2013.05.18"]

1. e4 c5 2. Nf3 d6 3. d4 cxd4 4. Nxd4 Nf6 5. Nc3 g6 6. Be2 Bg7 7. Be3 O-O 8.
Qd2 Nc6 9. f3 Bd7 10. g4 a6 11. a4 Rc8 12. h4 h5 13. g5 Ne8 14. f4 Qa5 15. O-O
Qb4 16. Nxc6 Bxc6 17. Bd3 e6 18. Nd1 Qxd2 19. Bxd2 d5 20. exd5 Bxd5 21. Bb4
Bd4+ 22. Kh2 Bc5 23. Bxc5 Rxc5 24. Ne3 Nd6 25. Rad1 Rfc8 26. b3 Rc3 27. Nxd5
exd5 28. Rfe1 Kf8 29. Re5 R3c5 30. b4 R5c7 31. Rxd5 Nc4 32. Re1 Nb2 33. a5 Nxd3
34. cxd3 Rc2+ 35. Kg3 Rb2 36. Re4 Rc1 37. Rd8+ Kg7 38. Red4 Re1 39. Kf3 Rh1 40.
R8d7 Rxh4 41. Rxb7 Rh3+ 42. Ke4 Re2+ 43. Kd5 Rhe3 44. b5 h4 45. bxa6 h3 46. a7
h2 47. a8=Q h1=Q+ 48. Kc5 Re8 49. Rxf7+ Kxf7 50. Qxh1 Rc8+ 51. Kb4 Rb8+ 52. Ka3
Rbb2 53. Qh7+ Ke8 54. Qxg6+ Ke7 55. Re4+ Kf8 56. Qf6+ Kg8 57. Qxb2 Rxe4 58.
dxe4 Kf7 59. Qb7+ Kg6 60. Qc6+ Kf7 61. f5 Ke7 62. Kb4 Kf7 63. Kc5 Ke7 64. Kd5
Kf7 65. Qd7+ Kg8 66. Ke6 Kh8 67. Kf6 1-0

[Event "DEM U12/U12w 2013"]
[Site "Oberhof GER"]
[Date "2013.05.19"]
[Round "2"]
[White "Shoipov, Dennie"]
[Black "Alekhanov, Jannis"]
[Result "1-0"]
[Termination "normal"]
[Board "27"]
[WhiteElo "1816"]
[BlackElo "1675"]
[PlyCount "101"]
[WhiteFideId "14137755"]
[BlackFideId "12921238"]
[EventCountry "GER"]
[EventRounds "11"]
[EventType "swiss"]
[EventDate "2013.05.18"]

1. e4 c5 2. Nf3 d6 3. d4 cxd4 4. Nxd4 Nf6 5. Nc3 a6 6. Be3 e6 7. Be2 Nbd7 8.
O-O b5 9. a4 bxa4 10. Rxa4 Bb7 11. f3 Nc5 12. Ra1 Be7 13. b4 Ncd7 14. Nb3 Qc7
15. Na4 d5 16. e5 Qxe5 17. Bd4 Qc7 18. Nac5 Nxc5 19. Nxc5 Bxc5 20. Bxc5 Nd7 21.
Bd4 e5 22. Bf2 O-O 23. Rc1 Qd6 24. Qd2 Rac8 25. c4 Qe6 26. c5 Nb8 27. Rfe1 Nc6
28. Bd3 h6 29. Qb2 Rb8 30. Bg3 Rfe8 31. Re2 Ba8 32. Qa3 Bb7 33. Rce1 f6 34. Qc3
Ba8 35. f4 Nxb4 36. fxe5 f5 37. Rf2 Nxd3 38. Qxd3 g6 39. h4 h5 40. Ra2 Bb7 41.
Rb1 d4 42. Rd2 Red8 43. Rb6 Bc6 44. Kh2 Rxb6 45. cxb6 Bb5 46. Qa3 Qxb6 47. Qe7
Re8 48. Qb4 Rd8 49. Qe7 a5 50. e6 Rf8 51. Be5 1-0

[Event "DEM U12/U12w 2013"]
[Site "Oberhof GER"]
[Date "2013.05.19"]
[Round "2"]
[White "Reuker, Jari"]
[Black "von Jan, Lena"]
[Result "1-0"]
[Termination "normal"]
[Board "28"]
[WhiteElo "1802"]
[BlackElo "1285"]
[PlyCount "79"]
[WhiteFideId "12909300"]
[BlackFideId "12946060"]
[EventCountry "GER"]
[EventRounds "11"]
[EventType "swiss"]
[EventDate "2013.05.18"]

1. e4 e5 2. Nf3 Nc6 3. d4 exd4 4. Nxd4 Bc5 5. Nb3 Bb6 6. Qe2 d6 7. Nc3 Nf6 8.
Be3 Be6 9. O-O-O Bxb3 10. axb3 Qe7 11. f3 Rd8 12. Bg5 Qe6 13. Nd5 Nd4 14. Rxd4
Nxd5 15. Rxd5 f6 16. Bf4 O-O 17. Qd2 Rfe8 18. Bc4 Qe7 19. Re5+ Kh8 20. Rxe7
Rxe7 21. e5 Ree8 22. exf6 gxf6 23. Qc3 Kg7 24. Bh6+ Kg6 25. h4 d5 26. Bd3+ Kf7
27. Bxh7 Rh8 28. Qd3 c6 29. Qg6+ Ke6 30. Qf5+ Kf7 31. Bg6+ Ke7 32. Re1+ Kd6 33.
Qxf6+ Kc7 34. Bf4+ Kc8 35. Bf5+ Rd7 36. Bxd7+ Kxd7 37. Re7+ Kc8 38. Qxh8+ Bd8
39. Rc7+ Kb8 40. Qxd8# 1-0

[Event "DEM U12/U12w 2013"]
[Site "Oberhof GER"]
[Date "2013.05.19"]
[Round "2"]
[White "Nguyen, Ha Thanh"]
[Black "Sanati, Charlotte"]
[Result "1/2-1/2"]
[Termination "normal"]
[Board "29"]
[WhiteElo "1570"]
[BlackElo "1672"]
[PlyCount "51"]
[WhiteFideId "12942154"]
[BlackFideId "12907707"]
[EventCountry "GER"]
[EventRounds "11"]
[EventType "swiss"]
[EventDate "2013.05.18"]

1. e4 c5 2. d4 cxd4 3. c3 e6 4. cxd4 Nf6 5. Nc3 Bb4 6. Bd3 Nc6 7. Nf3 O-O 8.
O-O h6 9. Bf4 Nh5 10. Be3 d6 11. a3 Ba5 12. h3 f5 13. exf5 exf5 14. d5 Ne7 15.
Nd4 Nf6 16. Ne6 Bxe6 17. dxe6 d5 18. Ne2 Bb6 19. Bf4 Qc8 20. Bd6 Qxe6 21. Bxe7
Qxe7 22. Bxf5 Qe5 23. Qd3 Bc7 24. g3 Rae8 25. Nf4 Qd6 26. Rae1 1/2-1/2

[Event "DEM U12/U12w 2013"]
[Site "Oberhof GER"]
[Date "2013.05.19"]
[Round "2"]
[White "Schulz, Theresa Charlotte"]
[Black "Wolf, Pablo"]
[Result "0-1"]
[Termination "normal"]
[Board "30"]
[WhiteElo "1306"]
[BlackElo "1506"]
[PlyCount "148"]
[WhiteFideId "12952206"]
[BlackFideId "12943894"]
[EventCountry "GER"]
[EventRounds "11"]
[EventType "swiss"]
[EventDate "2013.05.18"]

1. d4 d5 2. e3 Nf6 3. Bd3 e6 4. f4 c5 5. c3 Bd6 6. Nf3 Nbd7 7. O-O O-O 8. Ne5
b6 9. Nd2 Bb7 10. Qf3 Qc7 11. Qh3 g6 12. Qh4 Be7 13. Qh6 Rfc8 14. Rf3 Bf8 15.
Qh4 Bg7 16. Rh3 Nf8 17. Ndf3 Re8 18. Ng5 Re7 19. Bd2 Qc8 20. Re1 Ba6 21. Bc2
cxd4 22. exd4 Qe8 23. Ng4 Nh5 24. Bd1 Rc8 25. Ne5 f6 26. Ngf7 Rxf7 27. Nxf7
Qxf7 28. Bxh5 gxh5 29. Qxh5 Qxh5 30. Rxh5 Bd3 31. g4 Bg6 32. Rh3 Re8 33. Rhe3
Be4 34. Kf2 Ng6 35. Kg3 Bh6 36. R3e2 Bf8 37. f5 Bd6+ 38. Kh3 exf5 39. gxf5
Bxf5+ 40. Kg2 Nh4+ 41. Kf2 Be4 42. Bh6 Bxh2 43. Rh1 Nf3 44. Re3 Ne5 45. Rxe4
dxe4 46. dxe5 Bxe5 47. Rg1+ Kf7 48. Rg7+ Ke6 49. Rxa7 Re7 50. Ra6 Rb7 51. a4
Kd6 52. Be3 Kc6 53. a5 Bc7 54. c4 f5 55. b4 f4 56. b5+ Kd7 57. Bxb6 Bxb6+ 58.
Rxb6 Rxb6 59. axb6 Kc8 60. c5 Kb7 61. Ke2 h5 62. Kf2 h4 63. Kg2 e3 64. Kg1 e2
65. Kf2 f3 66. Kxf3 e1=Q 67. c6+ Kxb6 68. c7 Kxc7 69. b6+ Kxb6 70. Kf4 h3 71.
Kf5 h2 72. Kf4 h1=Q 73. Kg4 Qee4+ 74. Kg5 Qhh4# 0-1

[Event "DEM U12/U12w 2013"]
[Site "Oberhof GER"]
[Date "2013.05.19"]
[Round "2"]
[White "Flach, Helene"]
[Black "Kölz, Niklas"]
[Result "0-1"]
[Termination "normal"]
[Board "32"]
[WhiteElo "1272"]
[BlackElo "1629"]
[PlyCount "42"]
[WhiteFideId "12929735"]
[BlackFideId "12971758"]
[EventCountry "GER"]
[EventRounds "11"]
[EventType "swiss"]
[EventDate "2013.05.18"]

1. e4 c5 2. Nf3 e6 3. d4 cxd4 4. Nxd4 a6 5. Bd3 Bc5 6. Nb3 Ba7 7. c4 Qc7 8. Nc3
Nc6 9. O-O Nf6 10. Re1 h5 11. h3 d6 12. Be3 Bxe3 13. Rxe3 Ke7 14. Rc1 Ne5 15.
Ne2 b6 16. f3 g5 17. Ned4 Bb7 18. Qc2 Rag8 19. Kf1 g4 20. f4 Nxd3 21. Qxd3 gxh3
0-1

[Event "DEM U12/U12w 2013"]
[Site "Oberhof GER"]
[Date "2013.05.19"]
[Round "2"]
[White "Walow, Xenia"]
[Black "Meyling, Lennart"]
[Result "0-1"]
[Termination "normal"]
[Board "33"]
[WhiteElo "1271"]
[BlackElo "1628"]
[PlyCount "88"]
[WhiteFideId "12971839"]
[BlackFideId "12947130"]
[EventCountry "GER"]
[EventRounds "11"]
[EventType "swiss"]
[EventDate "2013.05.18"]

1. d4 Nf6 2. Nf3 g6 3. g3 Bg7 4. Bg2 O-O 5. O-O d6 6. Bd2 Nbd7 7. c4 e5 8. d5
Ne8 9. e4 Nc5 10. Nc3 f5 11. Qe2 fxe4 12. Nxe4 Nxe4 13. Qxe4 Bf5 14. Qe3 Nf6
15. h3 c6 16. Ne1 Rc8 17. Qxa7 cxd5 18. cxd5 Qd7 19. Kh2 Qb5 20. Qa3 Ne4 21.
Be3 Ra8 22. Qd3 Qxb2 23. Rc1 Nxg3 24. Qb3 Nxf1+ 25. Bxf1 Rxa2 26. Qxb2 Rxb2 27.
Bd3 e4 28. Bf1 b5 29. Nc2 b4 30. Na1 b3 31. Rd1 Ra8 32. Bc4 Ra3 33. Kg2 Kf7 34.
Rf1 Ke7 35. Bc1 Rxa1 36. Bxb2 Rxf1 37. Bxf1 Bxb2 38. Bc4 e3 39. fxe3 Bc2 40.
Kf2 Bf6 41. Kf3 b2 42. Ba2 Bc3 43. e4 Kf6 44. Kf4 Bd2+ 0-1

[Event "DEM U12/U12w 2013"]
[Site "Oberhof GER"]
[Date "2013.05.19"]
[Round "2"]
[White "Köhler, Inken"]
[Black "Schulze, Nick"]
[Result "1/2-1/2"]
[Termination "normal"]
[Board "34"]
[WhiteElo "1527"]
[BlackElo "1257"]
[PlyCount "125"]
[WhiteFideId "12929301"]
[BlackFideId "12971847"]
[EventCountry "GER"]
[EventRounds "11"]
[EventType "swiss"]
[EventDate "2013.05.18"]

1. e4 c5 2. d4 cxd4 3. c3 dxc3 4. Nxc3 Nc6 5. Bc4 e6 6. Be3 Nf6 7. Nf3 b6 8.
O-O Bc5 9. Bg5 Be7 10. Re1 d6 11. Bb5 Bd7 12. Qa4 Rc8 13. Rad1 a6 14. Bxc6 Rxc6
15. Qxa6 b5 16. Qa7 b4 17. Nb5 Qb6 18. Qxb6 Rxb6 19. Nbd4 h6 20. Bd2 g5 21. h3
g4 22. hxg4 Nxg4 23. Nc2 h5 24. Bxb4 e5 25. Nh2 h4 26. Nxg4 Bxg4 27. f3 Be6 28.
Bc3 h3 29. gxh3 Bxh3 30. Re2 Rg8+ 31. Kh1 d5 32. Rg1 Rxg1+ 33. Kxg1 Bc5+ 34.
Kh2 Rh6 35. exd5 Bf1+ 36. Kg3 Bxe2 37. Bxe5 Rg6+ 38. Kf4 Bc4 39. b4 Bd6 40. a3
Bxe5+ 41. Kxe5 Rg5+ 42. Kd4 Bxd5 43. f4 Rh5 44. Ne3 Bc6 45. f5 Kd7 46. Ke5 Kd8
47. Kf6 Rh3 48. Nc4 Bb5 49. Nd6 Rh6+ 50. Ke5 Be8 51. b5 Kd7 52. Ne4 Kc7 53. a4
Kb6 54. Nf6 Rh8 55. Kd6 Bxb5 56. axb5 Kxb5 57. Ke7 Rh4 58. Kxf7 Kc6 59. Ke6 Rh6
60. Ke7 Kc5 61. Nd7+ Kd5 62. f6 Rxf6 63. Kxf6 1/2-1/2

[Event "DEM U12/U12w 2013"]
[Site "Oberhof GER"]
[Date "2013.05.19"]
[Round "2"]
[White "Birg, Raphael"]
[Black "Wong, Kar Yan"]
[Result "1-0"]
[Termination "normal"]
[Board "35"]
[WhiteElo "1542"]
[BlackElo "1189"]
[PlyCount "103"]
[WhiteFideId "12971774"]
[BlackFideId "12971855"]
[EventCountry "GER"]
[EventRounds "11"]
[EventType "swiss"]
[EventDate "2013.05.18"]

1. e4 e6 2. d4 d5 3. exd5 exd5 4. Nf3 Bd6 5. Bd3 Bg4 6. O-O Nf6 7. Re1+ Be7 8.
Bf4 O-O 9. c3 Bd6 10. Bg5 Nbd7 11. Nbd2 c6 12. Qc2 Qc7 13. h3 Bh5 14. Re3 Rfe8
15. Rae1 Rxe3 16. Rxe3 Bg6 17. Bxg6 fxg6 18. Bxf6 Nxf6 19. Ng5 Bf4 20. Ne6 Qd6
21. Nxf4 Qxf4 22. Qb3 b6 23. Qa4 b5 24. Qa6 Qc7 25. Re6 c5 26. Qxb5 cxd4 27.
Rxf6 gxf6 28. Qxd5+ Kg7 29. Qxa8 dxc3 30. bxc3 Qe7 31. Qe4 Qd7 32. Qd4 Qe7 33.
Nf3 Qa3 34. Qd2 Qa5 35. Qc2 a6 36. c4 Qc5 37. Qa4 a5 38. Qb3 Qd6 39. a4 Qc5 40.
Qb5 Qc7 41. Nd4 Qd6 42. Qd5 Qa3 43. Ne6+ Kh6 44. Qd2+ g5 45. Qd4 Kg6 46. c5 h6
47. g4 Qxh3 48. c6 h5 49. c7 hxg4 50. c8=Q g3 51. Qg8+ Kf5 52. Ng7+ 1-0

[Event "DEM U12/U12w 2013"]
[Site "Oberhof GER"]
[Date "2013.05.19"]
[Round "2"]
[White "Böse, Carolin"]
[Black "Weber, Samuel"]
[Result "0-1"]
[Termination "normal"]
[Board "36"]
[WhiteElo "1263"]
[BlackElo "1703"]
[PlyCount "70"]
[WhiteFideId "12929646"]
[BlackFideId "12924008"]
[EventCountry "GER"]
[EventRounds "11"]
[EventType "swiss"]
[EventDate "2013.05.18"]

1. e4 d5 2. Nf3 dxe4 3. Ng5 Bf5 4. Nc3 Nf6 5. Qe2 Nc6 6. Ngxe4 Nd4 7. Qd3 c6 8.
g3 Qd7 9. Bg2 O-O-O 10. Na4 Qd5 11. Nac5 Qxc5 12. Nxc5 Bxd3 13. cxd3 Nc2+ 14.
Kd1 Nxa1 15. b4 Ng4 16. Bh3 f5 17. Rf1 e5 18. f3 Nh6 19. Bb2 b6 20. Ne6 Rxd3
21. Nxf8 Rxf8 22. Bxa1 Rfd8 23. Rf2 Ra3 24. Bxe5 g6 25. d4 Nf7 26. Bf6 Rd6 27.
Bg7 Ng5 28. Bg2 Ne6 29. Be5 Rd5 30. f4 Rb5 31. Bxc6 Rxb4 32. d5 Nc5 33. d6 Rb1+
34. Ke2 Rxa2+ 35. Ke3 Rb3+ 0-1

[Event "DEM U12/U12w 2013"]
[Site "Oberhof GER"]
[Date "2013.05.19"]
[Round "2"]
[White "Weller, Uli"]
[Black "Bureik, Nicolas"]
[Result "1-0"]
[Termination "normal"]
[Board "37"]
[WhiteElo "1501"]
[BlackElo "1183"]
[PlyCount "27"]
[WhiteFideId "12971782"]
[BlackFideId "12971863"]
[EventCountry "GER"]
[EventRounds "11"]
[EventType "swiss"]
[EventDate "2013.05.18"]

1. e4 d5 2. exd5 Qxd5 3. Nc3 Qd6 4. d4 Nf6 5. Nf3 g6 6. Bc4 a6 7. O-O Bg7 8.
Be3 b5 9. Bd3 Bb7 10. Re1 O-O 11. Ng5 Ng4 12. Qxg4 f5 13. Qh3 Bc8 14. Qxh7# 1-0

[Event "DEM U12/U12w 2013"]
[Site "Oberhof GER"]
[Date "2013.05.19"]
[Round "2"]
[White "Merker, Vivien"]
[Black "Heldt, Nils-Lennart"]
[Result "0-1"]
[Termination "normal"]
[Board "38"]
[WhiteElo "1255"]
[BlackElo "1499"]
[PlyCount "160"]
[WhiteFideId "12927260"]
[BlackFideId "12952109"]
[EventCountry "GER"]
[EventRounds "11"]
[EventType "swiss"]
[EventDate "2013.05.18"]

1. e4 e5 2. Nf3 Nc6 3. d4 exd4 4. Nxd4 Nge7 5. Bc4 Ng6 6. Nxc6 bxc6 7. Nc3 Be7
8. Be3 O-O 9. O-O d6 10. Qf3 Bf6 11. Qg3 Ne5 12. Bb3 Bh4 13. Bg5 Qxg5 14. Qxg5
Bxg5 15. f4 Bf6 16. fxe5 Bxe5 17. Rad1 Bb7 18. Rf3 Bc8 19. Rdf1 Be6 20. Ba4
Rab8 21. b3 Bg4 22. Rd3 d5 23. exd5 cxd5 24. Re1 Bxc3 25. Rxc3 Rbc8 26. Bc6
Rfd8 27. Bb7 Rb8 28. Rxc7 Be6 29. Ba6 Rd7 30. Rc8+ Rxc8 31. Bxc8 Re7 32. Bxe6
fxe6 33. a4 Kf8 34. b4 Ke8 35. a5 Kd7 36. Kf2 Kc6 37. Ke3 Kb5 38. c3 Kc4 39.
Kd2 e5 40. Rb1 e4 41. Kc2 e3 42. Re1 e2 43. Kd2 d4 44. cxd4 Kxd4 45. Rxe2 Rxe2+
46. Kxe2 Kc4 47. g4 Kxb4 48. a6 Kb5 49. h4 Kxa6 50. g5 Kb5 51. Kd3 a5 52. Kc3
a4 53. Kb2 Kb4 54. Kc2 a3 55. Kb1 Kc4 56. Ka2 Kd4 57. Kxa3 Ke4 58. h5 Kf5 59.
h6 g6 60. Kb3 Kxg5 61. Kc3 Kxh6 62. Kd3 Kg5 63. Ke3 Kh4 64. Kf2 h5 65. Kg2 g5
66. Kh2 Kg4 67. Kg2 h4 68. Kh2 Kf3 69. Kg1 g4 70. Kh2 h3 71. Kg1 g3 72. Kh1 g2+
73. Kg1 h2+ 74. Kxh2 Kf2 75. Kh3 g1=Q 76. Kh4 Kf3 77. Kh5 Kf4 78. Kh6 Kf5 79.
Kh7 Kf6 80. Kh6 Qh1# 0-1

[Event "DEM U12/U12w 2013"]
[Site "Oberhof GER"]
[Date "2013.05.19"]
[Round "2"]
[White "Fesselier, Chelsea"]
[Black "Reif, Karla"]
[Result "1-0"]
[Termination "normal"]
[Board "39"]
[WhiteElo "1416"]
[BlackElo "1165"]
[PlyCount "163"]
[WhiteFideId "26024624"]
[BlackFideId "12971871"]
[EventCountry "GER"]
[EventRounds "11"]
[EventType "swiss"]
[EventDate "2013.05.18"]

1. e4 e5 2. Nf3 Nc6 3. Bc4 Bc5 4. c3 Nf6 5. d3 d6 6. Nbd2 O-O 7. O-O Na5 8. Bb5
a6 9. Ba4 b5 10. Bc2 Nc6 11. h3 Bb7 12. Re1 d5 13. exd5 Qxd5 14. Ne4 Nxe4 15.
Rxe4 Rfe8 16. Bb3 Qd6 17. Ng5 Nd8 18. Re1 h6 19. Nf3 Nc6 20. Bc2 Re7 21. Be3
Rae8 22. Bxc5 Qxc5 23. Nh4 Na5 24. Qg4 Re6 25. d4 exd4 26. Rxe6 Rxe6 27. Qxd4
Qxd4 28. cxd4 Rd6 29. Re1 Rd8 30. Re7 Nc6 31. Rxc7 Nxd4 32. Rxb7 Nxc2 33. Rb6
Rd1+ 34. Kh2 Nb4 35. a3 Nd3 36. b4 Nxf2 37. Rxa6 Ne4 38. Ra8+ Kh7 39. Rb8 Nc3
40. Rc8 Na4 41. Rb8 Nc3 42. Nf3 Ra1 43. Nd4 Rxa3 44. Nxb5 Nxb5 45. Rxb5 Rb3 46.
Rb7 Kg6 47. b5 Kf6 48. b6 Ke6 49. h4 h5 50. Kh1 g6 51. Kh2 f5 52. Rg7 Kf6 53.
Rb7 f4 54. Rb8 Ke7 55. Rb7+ Kd8 56. Rb8+ Kd7 57. b7 Kc7 58. Rg8 Rb6 59. b8=Q+
Rxb8 60. Rg7+ Kd6 61. Rxg6+ Ke7 62. Rg5 Rh8 63. Rf5 Ke6 64. Rxf4 Ke5 65. g3 Rg8
66. Ra4 Kf5 67. Ra5+ Kg4 68. Ra4+ Kf3 69. Rf4+ Ke3 70. Kh3 Rg7 71. Rf5 Rh7 72.
g4 hxg4+ 73. Kxg4 Ke4 74. Rg5 Rh8 75. Rg6 Ke5 76. Kg5 Rf8 77. h5 Rf5+ 78. Kh6
Kf4 79. Rg1 Rf6+ 80. Kg7 Rf5 81. Rf1+ Kg5 82. Rxf5+ 1-0

[Event "DEM U12/U12w 2013"]
[Site "Oberhof GER"]
[Date "2013.05.19"]
[Round "2"]
[White "Grey, Andrea"]
[Black "Forster, Lukas"]
[Result "0-1"]
[Termination "normal"]
[Board "40"]
[WhiteElo "1157"]
[BlackElo "1494"]
[PlyCount "46"]
[WhiteFideId "12971880"]
[BlackFideId "12971790"]
[EventCountry "GER"]
[EventRounds "11"]
[EventType "swiss"]
[EventDate "2013.05.18"]

1. Nf3 d5 2. d4 Nc6 3. b3 Bf5 4. a3 e6 5. Bb2 Nf6 6. e3 Bd6 7. c4 O-O 8. Nc3
Re8 9. Nh4 Bg6 10. Nxg6 fxg6 11. Be2 Rf8 12. O-O Qe8 13. f3 g5 14. e4 Bf4 15.
Qd3 Rd8 16. g3 dxc4 17. bxc4 Rxd4 18. Qc2 Be3+ 19. Kh1 Rd2 20. Qb3 Nd4 21. Qxb7
Nxe2 22. Nb1 Nxg3+ 23. hxg3 Qh5# 0-1